B. Spinoza como defensor de los derechos humanos /
Uloženo v:
| Hlavní autor: | |
|---|---|
| Médium: | Text |
| Témata: | |
| Tagy: |
Přidat tag
Žádné tagy, Buďte první, kdo vytvoří štítek k tomuto záznamu!
|
MARC
| LEADER | 00000 a a2200000 04500 | ||
|---|---|---|---|
| 001 | 15500 | ||
| 003 | |||
| 040 | |||
| 100 | |a Bernardini A, Amalia | ||
| 245 | |a B. Spinoza como defensor de los derechos humanos / |c Amalia Bernardini A | ||
| 650 | |a DERECHOS HUMANOS | ||
| 650 | |a SOCIEDAD POLITICA | ||
| 650 | |a ESTADO | ||
| 650 | |a FILOSOFIA | ||
| 650 | |a TEOLOGIA | ||
| 650 | |a POLITICA | ||
| 650 | |a ETICA | ||
| 650 | |a DEMOCRACIA | ||
| 650 | |a NORMAS SOCIALES | ||
| 650 | |a LIBERTAD | ||
| 773 | |g volumen 36, número 90, EXTR; páginas 489-507 | ||
| 999 | |c 22144 |d 22144 | ||
